LEADER 04127nam 2200613 450 001 9910460879903321 005 20200520144314.0 010 $a1-4625-2256-4 010 $a1-4625-2216-5 035 $a(CKB)3710000000454642 035 $a(EBL)2030072 035 $a(OCoLC)915134651 035 $a(SSID)ssj0001532201 035 $a(PQKBManifestationID)12575704 035 $a(PQKBTitleCode)TC0001532201 035 $a(PQKBWorkID)11473862 035 $a(PQKB)10593486 035 $a(MiAaPQ)EBC2030072 035 $a(Au-PeEL)EBL2030072 035 $a(CaPaEBR)ebr11082346 035 $a(CaONFJC)MIL817690 035 $a(EXLCZ)993710000000454642 100 $a20150804h20152015 uy 0 101 0 $aeng 135 $aur|n|---||||| 181 $ctxt 182 $cc 183 $acr 200 00$aHandbook of infant biopsychosocial development /$fedited by Susan D. Calkins 210 1$aNew York, New York ;$aLondon, England :$cThe Guilford Press,$d2015. 210 4$dİ2015 215 $a1 online resource (498 p.) 300 $aDescription based upon print version of record. 311 $a1-4625-2212-2 320 $aIncludes bibliographical references at the end of each chapters and index. 327 $aCover; Half Title Page; Title Page; Copyright; About the Editor; Contributors; Preface; Contents; Part I. Setting the Stage; 1. Introduction to the Volume: Seeing Infant Development through a Biopsychosocial Lens; 2. Gilbert Gottlieb and the Biopsychosocial Perspective on Developmental Issues; Part II. Perceptual and Cognitive Processes; 3. Introduction to Part II: Bringing the Field of Infant Cognition and Perception toward a Biopsychosocial Perspective; 4. A Biopsychosocial Perspective on Looking Behavior in Infancy; 5. Biopsychosocial Perspectives on the Development of Attentionin Infancy 327 $a6. The Development and Brain Mechanisms of Joint Attention7. The Development of Declarative Memory in Infancy and Implications for Social Learning; 8. Infant Word Learning in Biopsychosocial Perspective; Part III. Social and Emotional Processes; 9. Introduction to Part III: Reweaving the Strands-Biology, Behavior, Context; 10. A Psychobiological Perspective on Emotional Development within the Family Context; 11. A Biopsychosocial Framework for Infant Temperament and Socioemotional Development; 12. Genetic Correlates of Early Maternal Caregiving 327 $a13. A Biopsychosocial Perspective on Synchrony and the Development of Human Parental CarePart IV. Adversity and Risk: Implications for Infant Development; 14. Introduction to Part IV: Current Directions in the Study of Risk and Adversity in Infancy; 15. Adversity in Early Social Relationships; 16. The Social Ecology of Infant Sleep: Structural and Qualitative Features of Bedtime and Nighttime Parenting and Infant Sleep in the First Year; 17. Infant Vulnerability to Psychopathology; Part V. The Future of Infancy Research 327 $a18. An Interdisciplinary Biopsychosocial Perspective on Psychological DevelopmentAuthor Index; Subject Index 330 $aThe first two years of life are a period of unparalleled growth and change. Within a state-of-the-art biopsychosocial framework, this innovative volume explores the multiple contexts of infant development--the ways in which genes, neurobiology, behavior, and environment interact and shape each other over time. Methods for disentangling, measuring, and analyzing complex, nonlinear developmental processes are presented. Contributors explore influences on the infant's growth in major domains, including cognitive and socioemotional functioning and mental health. The consequences of family stress, 606 $aInfants$xDevelopment 606 $aInfants$xGrowth 608 $aElectronic books. 615 0$aInfants$xDevelopment. 615 0$aInfants$xGrowth. 676 $a305.232 702 $aCalkins$b Susan D. 801 0$bMiAaPQ 801 1$bMiAaPQ 801 2$bMiAaPQ 906 $aBOOK 912 $a9910460879903321 996 $aHandbook of infant biopsychosocial development$91956688 997 $aUNINA LEADER 05557nam 2200697Ia 450 001 9910449826603321 005 20200520144314.0 010 $a1-280-25340-1 010 $a9786610253401 010 $a0-7645-7903-7 035 $a(CKB)1000000000239457 035 $a(EBL)226448 035 $a(OCoLC)58450882 035 $a(SSID)ssj0000107490 035 $a(PQKBManifestationID)11141554 035 $a(PQKBTitleCode)TC0000107490 035 $a(PQKBWorkID)10013779 035 $a(PQKB)11399402 035 $a(MiAaPQ)EBC226448 035 $a(Au-PeEL)EBL226448 035 $a(CaPaEBR)ebr10274917 035 $a(CaONFJC)MIL25340 035 $a(EXLCZ)991000000000239457 100 $a20041015d2004 uy 0 101 0 $aeng 135 $aur|n|---||||| 181 $ctxt 182 $cc 183 $acr 200 10$aAudel guide to the 2005 National Electrical Code$b[electronic resource] /$fPaul Rosenberg 205 $aAll new ed. 210 $aIndianapolis, IN $cWiley$dc2004 215 $a1 online resource (842 p.) 225 1 $aAudel Technical Trades Series ;$vv.28 300 $aIncludes index. 311 $a0-7645-7802-2 327 $aForeword; Introduction; Chapter 1: General; Definitions; Requirements for Electrical Installations; Chapter 2: Wiring and Protection; Use and Identification of Grounded Conductors; Branch Circuits; Feeders; Branch-Circuit, Feeder, and Service Calculations; Outside Branch Circuits and Feeders; Services; Overcurrent Protection; Grounding; Surge Arresters; Chapter 3: Wiring Methods and Materials; Wiring Methods; Conductors for General Wiring; Cabinets and Cutout Boxes; Outlet, Device, Pull, and Junction Boxes, Conduit Bodies, Fittings, and Handhole Enclosures; Armored Cable:Type AC 327 $aFlat Cable Assemblies:Type FCFlat Conductor Cable:Type FCC; Integrated Gas Spacer Cable: Type IGS; Medium Voltage Cable:Type MV; Metal-Clad Cable:Type MC; Mineral-Insulated, Metal-Sheathed Cable:Type MI; Nonmetallic-Sheathed Cable:Types NM and NMC; Power and Control Tray Cable: Type TC; Service-Entrance Cable:Types SE and USE; Underground Feeder and Branch-Circuit Cable:Type UF; Intermediate Metal Conduit; Rigid Metal Conduit; Flexible Metal Conduit; Rigid Nonmetallic Conduit; Nonmetallic Underground Conduit with Conductors; Liquid-Tight Flexible Nonmetallic Conduit 327 $aElectrical Metallic TubingFlexible Metallic Tubing; Electrical Nonmetallic Tubing; Auxiliary Gutters; Busways; Cablebus; Cellular Concrete Floor Raceways; Cellular Metal Floor Raceways; Metal Wireways; Nonmetallic Wireways; Multioutlet Assembly; Nonmetallic Extensions; Surface Metal Raceways; Surface Nonmetallic Raceways; Underfloor Raceways; Cable Trays; Concealed Knob-and-Tube Wiring; Messenger-Supported Wiring; Open Wiring on Insulators; Chapter 4: Equipment for General Use; Flexible Cords and Cables; Fixture Wires; Switches; Switchboards and Panelboards; Industrial Control Panels 327 $aLighting Fixtures, Lampholders, Lamps, Receptacles, and RosettesLighting Systems Operating at 30 Volts or Less; Appliances; Fixed Electrical Space-Heating Equipment; Fixed Outdoor Electric De-icing and Snow-Melting Equipment; Fixed Electric Heating Equipment for Pipelines and Vessels; Motors, Motor Circuits, and Controllers; Air-Conditioning and Refrigerating Equipment; Generators; Transformers and Transformer Vaults (Including Secondary Ties); Capacitors; Resistors and Reactors; Storage Batteries; Equipment Over 600 Volts, Nominal; Chapter 5: Special Occupancies; (Classified) Locations 327 $aClass I LocationsClass II Locations; Class III Locations; Intrinsically Safe Systems; Class I, Zone 0, 1, and 2 Locations; Hazardous (Classified) Locations-Specific; Commercial Garages, Repair, and Storage; Aircraft Hangars; Gasoline-Dispensing and Service Stations; Bulk Storage Plants; Spray Application, Dipping, and Coating Processes; Health Care Facilities; Places of Assembly; Theaters and Similar Locations; Carnivals, Circuses, Fairs, and Similar Events; Temporary Wiring; Motion Picture and Television Studios and Similar Locations; Motion-Picture Projectors; Manufactured Building 327 $aAgricultural Buildings 330 $aHere's what you need to knowUnderstanding and following the voluminous National Electrical Code is a constant challenge. You need a reference that doesn't waste your time. This guide extracts the information necessary for you, the installer, then arranges it for easy access and highlights the changes so you can quickly spot what's new. Whether you're a novice or a veteran, you'll want this book with you on every job.* Understand the terms and rules for installation set forth in the NEC* Identify what's new in the 2005 version* Review each section of the NEC that applies to 410 0$aAudel Technical Trades Series 606 $aElectric wiring$xInsurance requirements$zUnited States 606 $aElectrical engineering$xInsurance requirements$zUnited States 608 $aElectronic books. 615 0$aElectric wiring$xInsurance requirements 615 0$aElectrical engineering$xInsurance requirements 676 $a621.319 676 $a621.319240218 700 $aRosenberg$b Paul$0357913 701 $aRosenberg$b Paul$0357913 712 02$aNational Fire Protection Association. 801 0$bMiAaPQ 801 1$bMiAaPQ 801 2$bMiAaPQ 906 $aBOOK 912 $a9910449826603321 996 $aAudel guide to the 2005 National Electrical Code$92034136 997 $aUNINA